Gender and ICTs for development : (Record no. 5377)

MARC details
000 -LEADER
fixed length control field 01220cam a2200253 a 4500
020 ## - INTERNATIONAL STANDARD BOOK NUMBER
ISBN 9780855985653 (ISBN13 : pbk.)
020 ## - INTERNATIONAL STANDARD BOOK NUMBER
ISBN 0855985658 (pbk.)
050 00 - CALL NUMBER
Classification number HQ1743
Item number .G46
100 ## - AUTHOR
Personal name Minke Valk,
245 00 - TITLE
Title Gender and ICTs for development :
Remainder of title a global sourcebook.
Statement of responsibility, etc [edited by Minke Valk, Sarah Cummings, and Henk van Dam ; with an introduction by Helen Hambly Odame].
250 ## - EDITION
Edition statement Oxfam GB ed.
260 ## - PUBLICATION INFORMATION
Place of publication Amsterdam, The Netherlands :
Name of publisher KIT (Royal Tropical Institute) ;
Place of publication Oxford, U.K. :
Name of publisher Oxfam GB,
Year of publication 2005.
300 ## - DESCRIPTION
Number of Pages 143 p. ;
Dimensions 24 cm.
505 ## - FORMATTED CONTENTS NOTE
Table of Content 1. The effect of ICT on women's enterprise creation: a practical example from China<br/>2. E-business piloting and readiness for rural women weavers in Bhutan: lessons learned <br/>3. Fishers and radios: a case study of Radio Ada in Ghana <br/>4. Development throuht radio: a case study from Sierra Leon <br/>5. Gener, ICTs and health in the Caribbean <br/>
650 #0 - SUBJECTS
Topical Term Information technology
General subdivision Social aspects.
650 #0 - SUBJECTS
Topical Term Information society.
650 #0 - SUBJECTS
Topical Term Women in development.
650 #0 - SUBJECTS
Topical Term Equality before the law.
650 #0 - SUBJECTS
Topical Term Women
650 #0 - SUBJECTS
Topical Term Equality
710 2# - OTHER AUTHORS
OTHER AUTHORS Koninklijk Instituut voor de Tropen.
710 2# - OTHER AUTHORS
OTHER AUTHORS Oxfam GB.
942 ## - ADDED ENTRY ELEMENTS (KOHA)
Koha item type Books
Holdings
Withdrawn status Lost status Home library Current library Shelving location Date acquired Full call number Accession Number Koha item type
    Methodist University Library Main Methodist University Library Main General Stacks 20/03/2011 HQ1743 .G46 33524 Books
Copyright © 2026  MUG Library